The complete word study New Testament : (Record no. 9091)

MARC details
000 -LEADER
fixed length control field 01447cam a2200289 a 4500
001 - CONTROL NUMBER
control field 25393730
003 - CONTROL NUMBER IDENTIFIER
control field OCoLC
005 - DATE AND TIME OF LATEST TRANSACTION
control field 20241126110705.0
008 - FIXED-LENGTH DATA ELEMENTS--GENERAL INFORMATION
fixed length control field 920429s1991 tnu i 000 0 eng
010 ## -
-- 92153220
020 ## - INTERNATIONAL STANDARD BOOK NUMBER
International Standard Book Number 0899576516
040 ## - CATALOGING SOURCE
Original cataloging agency DLC
Transcribing agency DLC
Modifying agency TCT
-- OCLCQ
-- BAKER
-- BSC
082 ## - DEWEY DECIMAL CLASSIFICATION NUMBER
Classification number 225.48
Item number COM
092 ## - LOCALLY ASSIGNED DEWEY CALL NUMBER (OCLC)
Classification number 225.48
Item number C737z, 1991
130 0# -
-- Bible.
-- New Testament
-- English.
-- Authorized.
-- 1991.
-- 15852
245 14 - TITLE STATEMENT
Title The complete word study New Testament :
Remainder of title King James Version /
Statement of responsibility, etc. compiled and edited by Spiros Zodhiates.
260 ## - PUBLICATION, DISTRIBUTION, ETC.
Place of publication, distribution, etc. Chattanooga, TN :
Name of publisher, distributor, etc. AMG Publishers,
Date of publication, distribution, etc. 1991.
300 ## - PHYSICAL DESCRIPTION
Extent 1253, 79 p. ;
Dimensions 24 cm.
500 ## - GENERAL NOTE
General note "Words in the text numerically coded to Strong's Greek dictionary, introduction to each book, exegetical notes, grammatical codes on the text, lexical aids, Greek concordance, translational reference index, and Strong's Greek dictionary."
500 ## - GENERAL NOTE
General note "Codes to the grammatical notations" inserted.
505 0# - FORMATTED CONTENTS NOTE
Formatted contents note Words in the text numerically coded to Strong's Greek dictionary, Introduction to each book, Exegetical Notes, Grammatical Codes on the text, Lexical Aids, Greek Concordance, Translational Reference Index, and Strong's Greek dictionary.
630 00 - SUBJECT ADDED ENTRY--UNIFORM TITLE
Uniform title Bible.
Name of part/section of a work N.T.
Form subdivision Concordances, Greek.
9 (RLIN) 15853
650 #0 - SUBJECT ADDED ENTRY--TOPICAL TERM
Topical term or geographic name entry element Greek language, Biblical
Form subdivision Dictionaries
General subdivision English.
9 (RLIN) 2948
700 1# - ADDED ENTRY--PERSONAL NAME
Personal name Zodhiates, Spiros.
9 (RLIN) 10225
700 1# - ADDED ENTRY--PERSONAL NAME
Personal name Strong, James,
Dates associated with a name 1822-1894.
9 (RLIN) 11914
942 ## - ADDED ENTRY ELEMENTS (KOHA)
Source of classification or shelving scheme Dewey Decimal Classification
Koha item type Reference Books
Holdings
Withdrawn status Lost status Source of classification or shelving scheme Damaged status Not for loan Home library Current Library Shelving location Date acquired Total checkouts Full call number Barcode Date last seen Copy number Price effective from Koha item type
    Dewey Decimal Classification     GRACE BIBLE COLLEGE GRACE BIBLE COLLEGE Dictionary 2022-04-07   225.48 COM 015491 2025-05-01 c.1 2022-04-07 Reference Books
© Grace Bible College Library 2025